| 000 | 00821nam a22002297a 4500 | ||
|---|---|---|---|
| 999 |
_c19487 _d19487 |
||
| 003 | AR-CdUCM | ||
| 008 | 190402b ||||| |||| 00| 0 spa d | ||
| 040 |
_aMUNICIPALIDAD PROVINCIAL DEL CUSCO _cBIBLIOTECA MUNICIPAL DEL CUSCO |
||
| 082 |
_a301 / _bS56 |
||
| 100 |
_aSimmel, Jorge _927985 |
||
| 245 |
_aSociología : _bEstudios sobre las formas de socialización / |
||
| 260 |
_aMadrid : _bRevista de Occidente, _c1927. |
||
| 300 |
_atomo xv _c25 cm. |
||
| 440 |
_aNuevos hechos nuevas ideas _nxv _940843 |
||
| 505 | _aContenido : t.xv : Problema de la sociología -- La cantidad en los grupos sociales -- La subordinación... | ||
| 650 |
_aConductas sociales _940844 |
||
| 650 |
_aCírculos sociales _940845 |
||
| 650 |
_aSociedad _953 |
||
| 700 |
_aPérez Bances, J. _940846 |
||
| 942 |
_2ddc _cLIBROS |
||
| 945 | _arcc | ||